Oracle Financials handbook / (Record no. 7263)

MARC details
000 -LEADER
fixed length control field 01100cam a2200193 a 4500
020 ## - INTERNATIONAL STANDARD BOOK NUMBER
ISBN 0078823757
020 ## - INTERNATIONAL STANDARD BOOK NUMBER
ISBN 9780078823756
050 04 - CALL NUMBER
Classification number QA76.9.D3
Item number .J34
100 1# - AUTHOR
Personal name James, David,
245 10 - TITLE
Title Oracle Financials handbook /
Statement of responsibility, etc David James, Graham H. Seibert.
260 ## - PUBLICATION INFORMATION
Place of publication Berkeley, Calif. :
Name of publisher Osborne/McGraw-Hill,
Year of publication c1999.
300 ## - DESCRIPTION
Number of Pages xxxix, 723 p. :
Other physical details ill. ;
Dimensions 23 cm.
500 ## - NOTES
General note Includes index.
505 ## - FORMATTED CONTENTS NOTE
Table of Content Part I: Getting Started. <br/>An Overview of Oracle Applications. Implementing Oracle Financials--Essential Concepts. <br/>Part II: What Can the Package Do? <br/>Oracle General Ledger. Budgeting and Allocations. Oracle Payables. Oracle Receivables. Oracle Cash Management. Oracle Assets. Oracle Inventory. Oracle Order Entry. Using Multiple Currencies. Oracle Self-Service Web Applications. <br/>Part III: Managing and Customizing an Applications Environment. Customization and Modification. Project Organization and Management. Data Conversion, Training, and Cutover.
650 #0 - SUBJECTS
Topical Term Database design.
650 #0 - SUBJECTS
Topical Term Finance
General subdivision Computer programs.
700 1# - OTHER AUTHORS
Personal name Seibert, Graham H.
942 ## - ADDED ENTRY ELEMENTS (KOHA)
Koha item type Books
Holdings
Withdrawn status Lost status Home library Current library Shelving location Date acquired Full call number Accession Number Koha item type Collection code
    Methodist University Library Main Methodist University Library Main General Stacks   QA76.9.D3 .J34 14070 Books  
    Methodist University Library Main Methodist University Library Main General Stacks   QA76.9.D3 .J34 14069 Books Reference
Copyright © 2026  MUG Library